000 00926cam a2200217 4500
001 ABS65529
008 020528n2002 000 0 eng u
035 _a(Sirsi) u118177
100 _aHemsley, A
245 _aPrepare for the high jump
260 _c2002
490 _aBuilding
_v167(8233) 10 May 2002, 52(1)
520 _aDiscusses the options facing those with large increases in their professional indemnity insurance premium other than increasing the excess paid or reducing cover. Suggests that risk management would help prove to insurers that you are a good risk by indentifying and managing risks. The other suggestion is to find what is likely to happen to your premium and to allow for it in your budget.
590 _aABS
650 _aPROFESSIONAL INDEMNITY INSURANCE
650 _aINSURANCE PREMIUMS
650 _aRISK MANAGEMENT
650 _aBUDGETING
690 _aInsurance
_96249
942 _n0
999 _c70373
_d70373